00502nam a2200193 a 4500001001300000003000900013005001700022008004100039020001000080082001600090100002400106245001800130260005100148300000800199500003500207505002700242650001500269700002400284nice12345678IN_TiNIC20260116011303.0050524s0000 laha grp 000 0 urd  ac10000a297.86bAHM aAhmad, Mirza Ghulam aAnwarul Islam aLahorebAhmadiyya Anjuman Ishaat-E-Islamc0000 a58p aincludes index and biblioraphy2 aPlus Some Other Tracts aAhmadiyyah1 aAhmad, Mirza Ghulam